<?xml version="1.0" encoding="UTF-8"?>
<record
    xmlns:xsi="http://www.w3.org/2001/XMLSchema-instance"
    xsi:schemaLocation="http://www.loc.gov/MARC21/slim http://www.loc.gov/standards/marcxml/schema/MARC21slim.xsd"
    xmlns="http://www.loc.gov/MARC21/slim">

  <leader>00730nam a22001337a 4500</leader>
  <datafield tag="040" ind1=" " ind2=" ">
    <subfield code="c">RUA</subfield>
  </datafield>
  <datafield tag="082" ind1=" " ind2=" ">
    <subfield code="a">GRS SA 2017 B641 Or.1</subfield>
  </datafield>
  <datafield tag="100" ind1=" " ind2=" ">
    <subfield code="a">SA HIM &#x179F;&#x17B6; &#x17A0;&#x17CA;&#x17B8;&#x1798;</subfield>
  </datafield>
  <datafield tag="245" ind1=" " ind2=" ">
    <subfield code="a">the 20-20-15+te using on yard long bean at crop research station of the royal university of agriculture &#x1780;&#x17B6;&#x179A;&#x1794;&#x17D2;&#x179A;&#x17BE;&#x1794;&#x17D2;&#x179A;&#x17B6;&#x179F;&#x17CB;&#x1787;&#x17B8;&#x17E2;&#x17E0;-&#x17E2;&#x17E0;-15+TE &#x1793;&#x17C5;&#x179B;&#x17BE;&#x178A;&#x17C6;&#x178E;&#x17B6;&#x17C6;&#x179F;&#x178E;&#x17D2;&#x178F;&#x17C2;&#x1780;&#x1780;&#x17BD;&#x179A;&#x1793;&#x17C5;&#x179F;&#x17D2;&#x1790;&#x17B6;&#x1793;&#x17B8;&#x1796;&#x17B7;&#x179F;&#x17C4;&#x1793;&#x17CD;&#x178A;&#x17C6;&#x178E;&#x17B6;&#x17C6;&#x1793;&#x17C3;&#x179F;&#x1780;&#x179B;&#x179C;&#x17B7;&#x1791;&#x17D2;&#x1799;&#x17B6;&#x179B;&#x17D0;&#x1799;&#x1797;&#x17BC;&#x1798;&#x17B7;&#x1793;&#x17D2;&#x1791;&#x1780;&#x179F;&#x17B7;&#x1780;&#x1798;&#x17D2;&#x1798; </subfield>
  </datafield>
  <datafield tag="260" ind1=" " ind2=" ">
    <subfield code="a">RUA</subfield>
    <subfield code="b">Phnom penh</subfield>
    <subfield code="c">2017</subfield>
  </datafield>
  <datafield tag="300" ind1=" " ind2=" ">
    <subfield code="a">ix;27p</subfield>
    <subfield code="b">ill;</subfield>
    <subfield code="c">29cm</subfield>
  </datafield>
  <datafield tag="856" ind1=" " ind2=" ">
    <subfield code="u">https://drive.google.com/file/d/1zgmFHMRgirVyVJKSnt2OYliq56da_YhH/view?usp=sharing</subfield>
  </datafield>
  <datafield tag="942" ind1=" " ind2=" ">
    <subfield code="c">GRS</subfield>
  </datafield>
  <datafield tag="999" ind1=" " ind2=" ">
    <subfield code="c">18099</subfield>
    <subfield code="d">18099</subfield>
  </datafield>
  <datafield tag="952" ind1=" " ind2=" ">
    <subfield code="0">0</subfield>
    <subfield code="1">0</subfield>
    <subfield code="2">ddc</subfield>
    <subfield code="4">0</subfield>
    <subfield code="6">GRS_SA_2017_000000000000000_B641_OR_1</subfield>
    <subfield code="7">0</subfield>
    <subfield code="9">80635</subfield>
    <subfield code="a">LBB</subfield>
    <subfield code="b">LBB</subfield>
    <subfield code="c">B641</subfield>
    <subfield code="d">2019-07-29</subfield>
    <subfield code="o">GRS SA 2017 B641 Or.1</subfield>
    <subfield code="p">A42544</subfield>
    <subfield code="r">2019-07-29</subfield>
    <subfield code="w">2019-07-29</subfield>
    <subfield code="y">GRS</subfield>
  </datafield>
  <datafield tag="952" ind1=" " ind2=" ">
    <subfield code="0">0</subfield>
    <subfield code="1">0</subfield>
    <subfield code="2">ddc</subfield>
    <subfield code="4">0</subfield>
    <subfield code="6">GRS_SA_2017_000000000000000_B641_OR_2</subfield>
    <subfield code="7">0</subfield>
    <subfield code="9">80636</subfield>
    <subfield code="a">LBB</subfield>
    <subfield code="b">LBB</subfield>
    <subfield code="c">B641</subfield>
    <subfield code="d">2019-07-29</subfield>
    <subfield code="o">GRS SA 2017 B641 Or.2</subfield>
    <subfield code="p">A42354</subfield>
    <subfield code="r">2019-07-29</subfield>
    <subfield code="w">2019-07-29</subfield>
    <subfield code="y">GRS</subfield>
  </datafield>
  <datafield tag="952" ind1=" " ind2=" ">
    <subfield code="0">0</subfield>
    <subfield code="1">0</subfield>
    <subfield code="2">ddc</subfield>
    <subfield code="4">0</subfield>
    <subfield code="6">GRS_SA_2017_000000000000000_B641_OR_3</subfield>
    <subfield code="7">0</subfield>
    <subfield code="9">80637</subfield>
    <subfield code="a">LBB</subfield>
    <subfield code="b">LBB</subfield>
    <subfield code="c">B641</subfield>
    <subfield code="d">2019-07-29</subfield>
    <subfield code="l">1</subfield>
    <subfield code="o">GRS SA 2017 B641 Or.3</subfield>
    <subfield code="p">A42869</subfield>
    <subfield code="r">2023-01-10</subfield>
    <subfield code="s">2022-12-19</subfield>
    <subfield code="w">2019-07-29</subfield>
    <subfield code="y">GRS</subfield>
  </datafield>
  <datafield tag="952" ind1=" " ind2=" ">
    <subfield code="0">0</subfield>
    <subfield code="1">0</subfield>
    <subfield code="2">ddc</subfield>
    <subfield code="4">0</subfield>
    <subfield code="6">GRS_SA_2017_000000000000000_B641_OR_4</subfield>
    <subfield code="7">0</subfield>
    <subfield code="9">80638</subfield>
    <subfield code="a">LBB</subfield>
    <subfield code="b">LBB</subfield>
    <subfield code="c">B641</subfield>
    <subfield code="d">2019-07-29</subfield>
    <subfield code="o">GRS SA 2017 B641 Or.4</subfield>
    <subfield code="p">A42754</subfield>
    <subfield code="r">2019-07-29</subfield>
    <subfield code="w">2019-07-29</subfield>
    <subfield code="y">GRS</subfield>
  </datafield>
  <datafield tag="952" ind1=" " ind2=" ">
    <subfield code="0">0</subfield>
    <subfield code="1">0</subfield>
    <subfield code="2">ddc</subfield>
    <subfield code="4">0</subfield>
    <subfield code="6">GRS_SA_2017_000000000000000_B641_OR_5</subfield>
    <subfield code="7">0</subfield>
    <subfield code="9">80639</subfield>
    <subfield code="a">LBB</subfield>
    <subfield code="b">LBB</subfield>
    <subfield code="c">B641</subfield>
    <subfield code="d">2019-07-29</subfield>
    <subfield code="o">GRS SA 2017 B641 Or.5</subfield>
    <subfield code="p">A42784</subfield>
    <subfield code="r">2019-07-29</subfield>
    <subfield code="w">2019-07-29</subfield>
    <subfield code="y">GRS</subfield>
  </datafield>
  <datafield tag="952" ind1=" " ind2=" ">
    <subfield code="0">0</subfield>
    <subfield code="1">0</subfield>
    <subfield code="2">ddc</subfield>
    <subfield code="4">0</subfield>
    <subfield code="6">GRS_SA_2017_000000000000000_B641_OR_6</subfield>
    <subfield code="7">0</subfield>
    <subfield code="9">80640</subfield>
    <subfield code="a">LBB</subfield>
    <subfield code="b">LBB</subfield>
    <subfield code="c">B641</subfield>
    <subfield code="d">2019-07-29</subfield>
    <subfield code="o">GRS SA 2017 B641 Or.6</subfield>
    <subfield code="p">A43239</subfield>
    <subfield code="r">2019-07-29</subfield>
    <subfield code="w">2019-07-29</subfield>
    <subfield code="y">GRS</subfield>
  </datafield>
  <datafield tag="952" ind1=" " ind2=" ">
    <subfield code="0">0</subfield>
    <subfield code="1">0</subfield>
    <subfield code="2">ddc</subfield>
    <subfield code="4">0</subfield>
    <subfield code="6">GRS_SA_2017_000000000000000_B641_OR_7</subfield>
    <subfield code="7">0</subfield>
    <subfield code="9">80641</subfield>
    <subfield code="a">LBB</subfield>
    <subfield code="b">LBB</subfield>
    <subfield code="c">B641</subfield>
    <subfield code="d">2019-07-29</subfield>
    <subfield code="o">GRS SA 2017 B641 Or.7</subfield>
    <subfield code="p">A42744</subfield>
    <subfield code="r">2019-07-29</subfield>
    <subfield code="w">2019-07-29</subfield>
    <subfield code="y">GRS</subfield>
  </datafield>
</record>
